Throw them all out: Argentina's Grassroots Rebellion /

Uloženo v:
Podrobná bibliografie
Hlavní autor: Burbach, Roger
Médium: Text
Témata:
Tagy: Přidat tag
Žádné tagy, Buďte první, kdo vytvoří štítek k tomuto záznamu!

MARC

LEADER 00000 a a2200000 04500
001 9966
003
040
100 |a Burbach, Roger  
245 |a Throw them all out:   |b Argentina's Grassroots Rebellion /  |c Roger Burbach  
650 |a RECESION ECONOMICA  
650 |a MOVIMIENTOS SOCIALES  
650 |a POLITICA ECONOMICA  
650 |a FMI  
650 |a BANCO MUNDIAL  
773 |g volumen 36, número 1; páginas 38-40  
999 |c 20295  |d 20295